| 000 | 01197nam a22002175i 4500 | ||
|---|---|---|---|
| 001 | 161309 | ||
| 003 | ES-MaACL | ||
| 005 | 20260105063013.0 | ||
| 008 | 950111s1862 sp |||| | spa d | ||
| 040 |
_aPAB _bspa |
||
| 100 | 1 |
_aPallares, Manuel Vázquez de Parga Somoza, _cConde de _9125520 |
|
| 245 | 1 | 0 |
_aInforme presentado á la Junta de Agricultura de la provincia de Lugo por su vice-presidente el Conde de Pallares en contestación al interrogatorio sobre el estado de la enseñanza agrícola, sobre los medios de contribuir á su propagación y al fomento de la agricultura dirigido en 10 de mayo de 1862 por el ministro de Fomento _b: aprobado por la Junta y por la Diputación Provincial en sus respectivas sesiones de 8 y 17 de octubre. |
| 260 |
_aLugo : _b[s.n.], _c1862 ( _fImprenta de Soto Freire) |
||
| 300 |
_a116, [4] p. ; _c22 cm. |
||
| 610 | 2 | 4 |
_aLugo (Provincia). _bJunta de Agricultura- _y1862- _vInformes. _9134665 |
| 650 | 4 |
_aAgricultura- _vInformes. _9223477 |
|
| 710 | 2 |
_aLugo (Provincia). _bJunta de Agricultura. _9134664 |
|
| 710 | 2 |
_aLugo (Provincia). _bDiputación Provincial. _95560 |
|
| 852 |
_aES-MaACL _jG-2665 _z-- Enc. rus. |
||
| 999 |
_c161309 _d161309 |
||